[Event "AUTO-OPEN-121"]
[Site "http://www.queenalice.com/game.php?id=22750"]
[Date "2005.8.5"]
[Round "1"]
[White "RIVAS"]
[Black "LLavoura"]
[Result "1-0"]
[WhiteElo "1634"]
[BlackElo "1657"]

1. e4 e5 2. f4 exf4 3. Nf3 Qe7 4. Qe2 Nf6 5. Nc3 Nc6 6. e5 Ng4 7. d4 Qg5 8. Nxg5
h5 9. Qc4 Nh6 10. Bxf4 b6 11. d5 Nd8 12. Nb5 Ne6 13. dxe6 1-0

[Event "AUTO-OPEN-121"]
[Site "http://www.queenalice.com/game.php?id=22751"]
[Date "2005.8.5"]
[Round "1"]
[White "LLavoura"]
[Black "RIVAS"]
[Result "0-1"]
[WhiteElo "1677"]
[BlackElo "1669"]

1. e4 e5 2. f3 Nf6 3. Nc3 Nc6 4. d3 h6 5. Nd5 Nxd5 6. exd5 Ne7 7. d4 Nxd5 8.
dxe5 Nb6 9. Be3 d6 10. exd6 Bxd6 11. Bd4 O-O 12. Qd3 Qh4+ 13. g3 Bxg3+ 14. Kd2
Bf4+ 15. Kd1 Be6 16. Ne2 Rfd8 17. Nxf4 Qxf4 18. c3 c5 19. Qe4 Qxe4 20. fxe4 cxd4
21. Kc2 dxc3 22. Kxc3 Rac8+ 23. Kb4 Rd4+ 24. Ka3 Ra4# 0-1

[Event "AUTO-OPEN-121"]
[Site "http://www.queenalice.com/game.php?id=22774"]
[Date "2005.8.5"]
[Round "1"]
[White "LLavoura"]
[Black "dlabedz"]
[Result "1-0"]
[WhiteElo "1629"]
[BlackElo "1305"]

1. d4 d5 2. e3 e6 3. Nf3 Nc6 4. a3 b5 5. Bxb5 Rb8 6. Bxc6+ Bd7 7. Bxd7+ Qxd7 8.
Ne5 Qb5 9. Nc3 Qa5 10. Nc6 Qb6 11. Nxb8 Qxb8 12. O-O Bd6 13. Qg4 g6 14. e4 c5
15. g3 cxd4 16. Ne2 h5 17. Qf3 Qb7 18. exd5 exd5 19. Nxd4 f5 20. Qe3+ Ne7 21.
Qe6 Qb6 22. c3 Rh7 23. Re1 Rf7 24. Qc8+ Qd8 25. Qc6+ Kf8 26. Ne6+ Kg8 27. Nxd8
Nxc6 28. Nxc6 Bc5 29. Nd8 1-0

[Event "AUTO-OPEN-121"]
[Site "http://www.queenalice.com/game.php?id=22775"]
[Date "2005.8.5"]
[Round "1"]
[White "dlabedz"]
[Black "LLavoura"]
[Result "0-1"]
[WhiteElo "1284"]
[BlackElo "1638"]

1. e4 e5 2. f3 Nc6 3. Nc3 Nf6 4. g4 Nd4 5. Nd5 c6 6. Nxf6+ Qxf6 7. c3 Ne6 8. h4
g6 9. Bg2 Nf4 10. g5 Nxg2+ 11. Kf2 Qe6 12. Kxg2 d5 13. d4 Bg7 14. exd5 Qxd5 15.
Kf1 O-O 16. h5 exd4 17. Qd3 Bf5 18. Qxd4 Bxd4 19. Ne2 Qxf3+ 0-1

[Event "AUTO-OPEN-121"]
[Site "http://www.queenalice.com/game.php?id=22776"]
[Date "2005.8.5"]
[Round "1"]
[White "LLavoura"]
[Black "hiu_abu_abu"]
[Result "0-1"]
[WhiteElo "1588"]
[BlackElo "1835"]

1. d4 b6 2. c4 Bb7 3. Nc3 e6 4. a3 Be7 5. e4 Nf6 6. e5 Ne4 7. Nxe4 Bxe4 8. Nf3
O-O 9. g3 d5 10. cxd5 Qxd5 11. Bg2 Nc6 12. Be3 Rad8 13. O-O Nxd4 14. Bxd4 Bxf3
15. Bxf3 Qxd4 16. Qe2 Qa4 17. Rac1 c5 18. Rfd1 Bg5 19. Rc3 Rd4 20. Rxd4 Qxd4 21.
Rd3 Qc4 22. Kg2 g6 23. Qd1 Qb5 24. b3 c4 25. a4 Qb4 26. Rd7 cxb3 27. h4 b2 28.
Qb1 Qxa4 29. hxg5 Qxd7 30. Qxb2 Rb8 31. Be2 a5 0-1

[Event "AUTO-OPEN-121"]
[Site "http://www.queenalice.com/game.php?id=22777"]
[Date "2005.8.5"]
[Round "1"]
[White "hiu_abu_abu"]
[Black "LLavoura"]
[Result "0-1"]
[WhiteElo "1849"]
[BlackElo "1653"]

1. d4 d5 2. c4 c6 3. a4 Nf6 4. cxd5 Nxd5 5. e4 Nb4 6. Nf3 g6 7. Bc4 Bg4 8. Be3
Bxf3 9. Qxf3 e6 10. O-O Nc2 11. Ra2 Nxd4 12. Bxd4 Qxd4 13. b3 Bg7 14. Rd2 Qf6
15. Qg3 O-O 16. Rfd1 Bh6 17. Rd3 c5 18. Qc7 Nc6 19. Qxb7 Nd4 20. Qc7 Rfc8 21.
Qg3 Ne2+ 22. Kh1 Nxg3+ 23. fxg3 Rd8 0-1

[Event "AUTO-MASTER-24"]
[Site "http://www.queenalice.com/game.php?id=22821"]
[Date "2005.8.5"]
[Round "1"]
[White "RationalKing"]
[Black "LLavoura"]
[Result "1-0"]
[WhiteElo "1923"]
[BlackElo "1582"]

1. e4 e5 2. Nc3 d6 3. f4 g6 4. d4 Nc6 5. dxe5 dxe5 6. Qxd8+ Nxd8 7. fxe5 Bg7 8.
Nf3 Bg4 9. Bf4 Ne6 10. Bg3 Bxf3 11. gxf3 Nd4 12. O-O-O Nxf3 13. Nb5 Bh6+ 14. Kb1
Rd8 15. Nxc7+ Ke7 16. Rxd8 Kxd8 17. e6 Nd2+ 18. Ka1 fxe6 19. Nxe6+ Ke7 20. Nc5
Nf6 21. Nxb7 Nfxe4 22. Bd3 Nxg3 23. hxg3 Bg7 24. Nc5 Rb8 25. c3 Rc8 26. Rxh7 Kf7
27. Ne6 Kxe6 28. Rxg7 Kf6 29. Rxg6+ Ke5 30. Rg5+ Kf6 31. Rf5+ Ke6 32. Rf2 Rh8
33. Rxd2 Rh1+ 34. Bb1 Rg1 35. Rd3 Ke5 36. a3 Rxb1+ 37. Kxb1 Ke4 38. Rd4+ 1-0

[Event "AUTO-MASTER-24"]
[Site "http://www.queenalice.com/game.php?id=22822"]
[Date "2005.8.5"]
[Round "1"]
[White "LLavoura"]
[Black "RationalKing"]
[Result "0-1"]
[WhiteElo "1580"]
[BlackElo "1954"]

1. d4 Nf6 2. c4 e6 3. Nf3 c5 4. b3 cxd4 5. Nxd4 Bc5 6. e3 Nc6 7. Nxc6 bxc6 8. g3
h6 9. Bg2 Qa5+ 10. Bd2 Bb4 11. O-O Bb7 12. a3 Bxd2 13. Nxd2 Rb8 14. b4 Qc7 15.
c5 O-O 16. Nc4 Ba6 17. Qc2 Bxc4 18. Qxc4 a5 19. Rfb1 axb4 20. axb4 Rb5 21. Ra4
Rfb8 22. Bf3 Qe5 23. Qd4 Qf5 24. Qd1 Qxc5 25. Ra5 Qb6 26. Rxb5 Qxb5 27. Be2 Qd5
28. Qa4 Ne4 29. Rd1 Qf5 30. Rf1 Nc3 31. Qa7 Nxe2+ 32. Kg2 Qd5+ 33. f3 Rxb4 34.
e4 Qd4 35. Qa6 Rb2 36. g4 Nf4+ 37. Kg3 g5 0-1

[Event "AUTO-MASTER-24"]
[Site "http://www.queenalice.com/game.php?id=22837"]
[Date "2005.8.5"]
[Round "1"]
[White "LLavoura"]
[Black "salso"]
[Result "0-1"]
[WhiteElo "1657"]
[BlackElo "1963"]

1. d4 d5 2. Nf3 e6 3. g3 c5 4. c3 Nf6 5. Bg5 Nc6 6. Bg2 cxd4 7. Nxd4 Be7 8. c4
O-O 9. O-O Qa5 10. Nxc6 bxc6 11. Bd2 Bb4 12. a3 Bxd2 13. Nxd2 Ba6 14. b4 Qd8 15.
c5 e5 0-1

[Event "AUTO-MASTER-24"]
[Site "http://www.queenalice.com/game.php?id=22838"]
[Date "2005.8.5"]
[Round "1"]
[White "salso"]
[Black "LLavoura"]
[Result "1-0"]
[WhiteElo "1955"]
[BlackElo "1567"]

1. d4 d5 2. e3 c6 3. Bd3 Nf6 4. Nd2 g6 5. Ngf3 Bg7 6. O-O O-O 7. c3 Bg4 8. Qb3
b5 9. Ne5 Nbd7 10. Nxc6 Qe8 11. Bxb5 a6 12. Bd3 Rc8 13. Ne5 Nb8 14. Nxg4 Nxg4
15. Nf3 Qd7 16. h3 Nf6 17. Ne5 Qd6 18. Bd2 Nfd7 19. f4 Nxe5 20. fxe5 Qd8 21. e4
e6 22. exd5 exd5 23. Be2 Nc6 24. Bxa6 Na5 25. Qd1 Rc6 26. Bd3 Qh4 27. Qg4 Qxg4
28. hxg4 h5 29. gxh5 gxh5 30. b4 Nb7 31. a4 f6 32. exf6 Bxf6 33. a5 h4 34. a6
Nd6 35. a7 Bxd4+ 36. cxd4 Rcc8 37. Rxf8+ Rxf8 38. a8=Q h3 39. Qxf8+ Kxf8 40.
gxh3 1-0

[Event "AUTO-MASTER-24"]
[Site "http://www.queenalice.com/game.php?id=22839"]
[Date "2005.8.5"]
[Round "1"]
[White "LLavoura"]
[Black "gbs30"]
[Result "0-1"]
[WhiteElo "1632"]
[BlackElo "1837"]

1. d4 d5 2. Nc3 c6 3. g3 g6 4. Bg2 Nd7 5. Nf3 Bg7 6. O-O f5 7. e3 e5 8. b3 e4 9.
Ne1 Ngf6 10. a4 O-O 11. Ba3 Rf7 12. Ne2 a5 13. c4 Ng4 14. cxd5 cxd5 15. Nc3 Nf8
16. h3 Nf6 17. h4 Ng4 18. Nb5 Be6 19. Rc1 Rd7 20. Rc5 b6 21. Rc6 g5 22. Bxf8
Bxf8 23. Rxe6 gxh4 0-1

[Event "AUTO-MASTER-24"]
[Site "http://www.queenalice.com/game.php?id=22840"]
[Date "2005.8.5"]
[Round "1"]
[White "gbs30"]
[Black "LLavoura"]
[Result "1-0"]
[WhiteElo "1828"]
[BlackElo "1641"]

1. d4 d5 2. g3 Nc6 3. Bg2 Nf6 4. Nf3 Ne4 5. Nc3 g6 6. e3 Nxc3 7. bxc3 Bg7 8. O-O
O-O 9. Ba3 b5 10. Bc5 Na5 11. a4 a6 12. Nd2 c6 13. Bb4 Nc4 14. axb5 Nxd2 15.
Qxd2 Bb7 16. bxc6 Bxc6 17. f4 a5 18. Bc5 Re8 19. c4 e6 20. Rfb1 a4 21. Rb6 Qc7
22. c3 a3 23. Rb3 Reb8 24. Rxb8+ Qxb8 25. Rxa3 1-0

[Event "sampa"]
[Site "http://www.queenalice.com/game.php?id=30462"]
[Date "2005.9.26"]
[Round "-"]
[White "Simone"]
[Black "LLavoura"]
[Result "1-0"]
[WhiteElo "1477"]
[BlackElo "1609"]

1. Nc3 c5 2. d3 d5 3. b3 g6 4. d4 Bg7 5. e3 cxd4 6. exd4 Nc6 7. Be3 e5 8. Nge2
e4 9. Nf4 Nf6 10. h3 O-O 11. g4 Bd7 12. g5 Nb4 13. gxf6 Bxf6 14. Ncxd5 Nxd5 15.
Nxd5 Qa5+ 16. Qd2 Qxd5 17. Bc4 Qh5 18. Be2 Qh4 19. O-O-O Be7 20. f4 exf3 21. Bd3
Bc6 22. Bf2 Bg5 23. Bxh4 Bxd2+ 24. Kxd2 Rae8 25. Bg5 Kg7 26. h4 f6 27. Be3 1-0

[Event "sÃ¡o paulo"]
[Site "http://www.queenalice.com/game.php?id=30465"]
[Date "2005.9.26"]
[Round "-"]
[White "valdir"]
[Black "LLavoura"]
[Result "1-0"]
[WhiteElo "1637"]
[BlackElo "1624"]

1. e4 e5 2. a3 Nf6 3. d3 g6 4. Bg5 Bg7 5. Nc3 O-O 6. Qd2 d6 7. h4 c6 8. Be2 d5
9. Bf3 d4 10. Na2 Qb6 11. O-O-O Be6 12. b3 a5 13. Kb2 a4 14. b4 c5 15. Be2 Nc6
16. h5 cxb4 17. Nxb4 Nxb4 18. Qxb4 Qxb4+ 19. axb4 a3+ 20. Ka1 Ra4 21. Rb1 Rc8
22. Bd1 a2 23. Rb2 1-0

[Event "Challenge"]
[Site "http://www.queenalice.com/game.php?id=30486"]
[Date "2005.9.26"]
[Round "-"]
[White "Lucascg"]
[Black "LLavoura"]
[Result "1-0"]
[WhiteElo "1942"]
[BlackElo "1526"]

1. g3 e5 2. Bg2 d5 3. Nf3 e4 4. Nd4 g6 5. O-O Bg7 6. c3 Ne7 7. d3 c5 8. Nb3 b6
9. dxe4 Be6 10. exd5 Bxd5 11. e4 Bxb3 12. Qxb3 Be5 13. Bh6 Ng8 14. Rd1 Nd7 15.
Be3 Ngf6 16. f4 Ng4 17. Bc1 Bg7 18. Qd5 O-O 19. Qxd7 Bd4+ 20. Rxd4 cxd4 21. Qxg4
dxc3 22. Nxc3 Qd4+ 23. Kh1 Rad8 24. Qe2 a5 25. Be3 Qb4 26. Nd5 Qd6 27. Bxb6 Ra8
28. Bd4 Rfc8 29. Nf6+ Kh8 30. Be5 Qc5 31. Nd7+ Qxe5 32. Nxe5 Rc7 33. Rd1 f6 34.
Ng4 Rac8 35. Nxf6 Rc1 36. Rxc1 Rxc1+ 37. Bf1 a4 38. Kg2 Kg7 39. e5 1-0

[Event "AUTO-MASTER-87"]
[Site "http://www.queenalice.com/game.php?id=46054"]
[Date "2006.1.1"]
[Round "1"]
[White "Philidor"]
[Black "LLavoura"]
[Result "1-0"]
[WhiteElo "1794"]
[BlackElo "1548"]

1. Nf3 d5 2. c4 dxc4 3. Na3 Be6 4. e3 Nc6 5. Nxc4 b5 6. Nce5 Qd5 7. Qb3 Qxb3 8.
axb3 Nxe5 9. Nxe5 a6 10. b4 Nf6 11. d4 Ne4 12. f3 f6 13. fxe4 fxe5 14. Bxb5+ Bd7
15. Bxd7+ Kxd7 16. b5 a5 17. b3 e6 18. Bd2 Bb4 19. Ra4 Rhf8 20. Bxb4 axb4 21.
Rxa8 Rxa8 22. Kf2 1-0

[Event "AUTO-MASTER-87"]
[Site "http://www.queenalice.com/game.php?id=46055"]
[Date "2006.1.1"]
[Round "1"]
[White "LLavoura"]
[Black "Philidor"]
[Result "0-1"]
[WhiteElo "1542"]
[BlackElo "1800"]

1. e4 b6 2. Nc3 Bb7 3. d4 e6 4. a3 Nf6 5. Nf3 Nxe4 6. Nxe4 Bxe4 7. Ne5 Nc6 8. f3
Bf5 9. Nxc6 dxc6 10. c3 Be7 11. Bd3 Bxd3 12. Qxd3 O-O 13. O-O e5 14. Qc4 exd4
15. Rd1 c5 16. cxd4 cxd4 17. Bg5 Bxg5 18. Rd3 Be3+ 19. Kf1 c5 20. Rad1 Qh4 21.
Qc2 c4 22. Rxe3 dxe3 0-1

[Event "AUTO-MASTER-87"]
[Site "http://www.queenalice.com/game.php?id=46068"]
[Date "2006.1.1"]
[Round "1"]
[White "LLavoura"]
[Black "chessdeviant"]
[Result "0-1"]
[WhiteElo "1556"]
[BlackElo "1760"]

1. e4 e5 2. Nf3 Nc6 3. Bb5 Nf6 4. Bxc6 dxc6 5. Nxe5 Qe7 6. Nc4 Qxe4+ 7. Ne3 Bc5
8. d3 Qg6 9. O-O O-O 10. Qf3 Be6 11. g3 Bxe3 12. Bxe3 Bd5 13. Qf4 Rac8 14. Nc3
Be6 15. Kg2 Nd5 16. Qd4 Nxe3+ 17. Qxe3 b6 18. Qe4 Qh5 19. h4 Bf5 20. Qxc6 Qg4
21. Rh1 a5 22. f3 Qb4 23. g4 Be6 24. b3 Rfd8 25. Ne2 Qd2 0-1

[Event "AUTO-MASTER-87"]
[Site "http://www.queenalice.com/game.php?id=46069"]
[Date "2006.1.1"]
[Round "1"]
[White "chessdeviant"]
[Black "LLavoura"]
[Result "1-0"]
[WhiteElo "1751"]
[BlackElo "1565"]

1. e4 e5 2. Nf3 d6 3. d4 f5 4. dxe5 fxe4 5. Nd4 d5 6. Be2 g6 7. O-O a6 8. c4 c6
9. Nc3 Bg7 10. Bf4 Nd7 11. e6 Ne5 12. cxd5 cxd5 13. Qa4+ b5 14. Bxb5+ Kf8 15.
Bxe5 Bxe5 16. Nc6 Qd6 17. Nxe5 Qxe5 18. Bd7 d4 19. f4 Qc7 20. Nd5 Qd6 21. Bxc8
Rxc8 22. Qxd4 Qxe6 23. f5 gxf5 24. Qxh8 Qxd5 25. Qxh7 1-0

[Event "Revanche.."]
[Site "http://www.queenalice.com/game.php?id=48012"]
[Date "2006.1.15"]
[Round "-"]
[White "LLavoura"]
[Black "valdir"]
[Result "0-1"]
[WhiteElo "1578"]
[BlackElo "1715"]

1. e4 b6 2. d4 e6 3. e5 Bb7 4. Nf3 Be7 5. Bd3 d6 6. O-O Bc6 7. c3 d5 8. b4 b5 9.
a4 bxa4 10. b5 Bb7 11. Rxa4 Nd7 12. Ba3 Nb6 13. Bxe7 Nxe7 14. Rb4 a5 15. bxa6
Bxa6 16. Qc2 Nc6 0-1

[Event "sampa"]
[Site "http://www.queenalice.com/game.php?id=55272"]
[Date "2006.2.28"]
[Round "-"]
[White "Simone"]
[Black "LLavoura"]
[Result "1-0"]
[WhiteElo "1694"]
[BlackElo "1536"]

1. b3 e5 2. e4 f6 3. Bc4 Ne7 4. Ba3 d5 5. Bxe7 Bxe7 6. Bxd5 c6 7. Bc4 Qd4 8. Nc3
Bb4 9. Nge2 Qd6 10. h3 b5 11. Bd3 O-O 12. a4 a6 13. axb5 Bxc3 14. Nxc3 f5 15.
bxc6 Qxc6 16. O-O Bd7 17. Bc4+ Be6 18. Nd5 Qd6 19. d3 1-0